<?xml version="1.0" encoding="UTF-8"?>
<record
    xmlns:xsi="http://www.w3.org/2001/XMLSchema-instance"
    xsi:schemaLocation="http://www.loc.gov/MARC21/slim http://www.loc.gov/standards/marcxml/schema/MARC21slim.xsd"
    xmlns="http://www.loc.gov/MARC21/slim">

  <leader>01273nam a2200301 a 4500</leader>
  <datafield tag="700" ind1="1" ind2=" ">
    <subfield code="a">Su&#xE1;rez Segura, Sylvia Juliana</subfield>
    <subfield code="d">1981-</subfield>
    <subfield code="e">editora</subfield>
  </datafield>
  <datafield tag="999" ind1=" " ind2=" ">
    <subfield code="c">20342</subfield>
    <subfield code="d">20342</subfield>
  </datafield>
  <controlfield tag="005">20181022144756.0</controlfield>
  <controlfield tag="008">180906s2017    ck a   gr     00010 spa d</controlfield>
  <datafield tag="020" ind1=" " ind2=" ">
    <subfield code="a">9789585632929 (Colecci&#xF3;n)</subfield>
  </datafield>
  <datafield tag="020" ind1=" " ind2=" ">
    <subfield code="a">9789585632943 (Consginas)</subfield>
  </datafield>
  <datafield tag="040" ind1=" " ind2=" ">
    <subfield code="a">CO-BoBLA </subfield>
    <subfield code="c">CO-BoBLA</subfield>
    <subfield code="d">CO-BoIAVH</subfield>
  </datafield>
  <datafield tag="041" ind1="0" ind2=" ">
    <subfield code="a">spa</subfield>
  </datafield>
  <datafield tag="044" ind1=" " ind2=" ">
    <subfield code="a">ck</subfield>
  </datafield>
  <datafield tag="082" ind1="0" ind2="4">
    <subfield code="a">709.8 </subfield>
    <subfield code="b">A71j</subfield>
  </datafield>
  <datafield tag="245" ind1="1" ind2="4">
    <subfield code="a">Jorge Juli&#xE1;n Aristiz&#xE1;bal : </subfield>
    <subfield code="b">Consignas / </subfield>
    <subfield code="c">Jos&#xE9; Ignacio Roca, Sylvia Su&#xE1;rez ; ilustrador Jorge Juli&#xE1;n Aristiz&#xE1;bal ; traductora Erika Tanacs ; prologuista Eugenio Vald&#xE9;s.</subfield>
  </datafield>
  <datafield tag="246" ind1="3" ind2="0">
    <subfield code="a">Consignas</subfield>
  </datafield>
  <datafield tag="250" ind1=" " ind2=" ">
    <subfield code="a">Primera edici&#xF3;n</subfield>
  </datafield>
  <datafield tag="260" ind1=" " ind2=" ">
    <subfield code="a">Bogot&#xE1; (Colombia) : </subfield>
    <subfield code="b">Seguros Bol&#xED;var, </subfield>
    <subfield code="c">2017.</subfield>
  </datafield>
  <datafield tag="300" ind1=" " ind2=" ">
    <subfield code="a">112 p&#xE1;ginas : </subfield>
    <subfield code="b">fotograf&#xED;as ; </subfield>
    <subfield code="c">29 x 25 cm.</subfield>
  </datafield>
  <datafield tag="490" ind1="0" ind2=" ">
    <subfield code="a">Colecci&#xF3;n de Arte Contempor&#xE1;neo Seguros Bol&#xED;var</subfield>
  </datafield>
  <datafield tag="504" ind1=" " ind2=" ">
    <subfield code="a">Incluye referencias bibliogr&#xE1;ficas.</subfield>
  </datafield>
  <datafield tag="600" ind1="1" ind2="4">
    <subfield code="a">Aristiz&#xE1;bal, Jorge Juli&#xE1;n</subfield>
    <subfield code="d">1962- </subfield>
    <subfield code="x">Trabajos art&#xED;sticos</subfield>
    <subfield code="v">Cat&#xE1;logos.</subfield>
  </datafield>
  <datafield tag="650" ind1="2" ind2="4">
    <subfield code="a">Arte colombiano</subfield>
    <subfield code="v">Cat&#xE1;logos</subfield>
  </datafield>
  <datafield tag="650" ind1="2" ind2="4">
    <subfield code="a">Artistas pl&#xE1;sticos colombianos</subfield>
    <subfield code="v">Cat&#xE1;logos</subfield>
  </datafield>
  <datafield tag="700" ind1="1" ind2=" ">
    <subfield code="a">Roca, Jos&#xE9; Ignacio</subfield>
    <subfield code="e">editor</subfield>
  </datafield>
  <datafield tag="700" ind1="1" ind2=" ">
    <subfield code="a">Aristiz&#xE1;bal, Jorge Juli&#xE1;n</subfield>
    <subfield code="d">1962- </subfield>
    <subfield code="e">ilustrador</subfield>
  </datafield>
  <datafield tag="942" ind1=" " ind2=" ">
    <subfield code="2">ddc</subfield>
    <subfield code="c">LIBRO</subfield>
  </datafield>
  <datafield tag="952" ind1=" " ind2=" ">
    <subfield code="0">0</subfield>
    <subfield code="1">0</subfield>
    <subfield code="2">ddc</subfield>
    <subfield code="4">0</subfield>
    <subfield code="7">0</subfield>
    <subfield code="8">GENERAL</subfield>
    <subfield code="I">INV2018</subfield>
    <subfield code="a">Bogota</subfield>
    <subfield code="b">Bogota</subfield>
    <subfield code="d">2018-10-22</subfield>
    <subfield code="l">0</subfield>
    <subfield code="o">LB-709.8  A71j</subfield>
    <subfield code="p">030358</subfield>
    <subfield code="r">2018-10-22 00:00:00</subfield>
    <subfield code="t">Ej. 1</subfield>
    <subfield code="w">2018-10-22</subfield>
    <subfield code="x">Donacion</subfield>
    <subfield code="y">LIBRO</subfield>
  </datafield>
</record>
